MARC details
| 000 -LEADER |
| fixed length control field |
01237nam a22003618a 4500 |
| 001 - CONTROL NUMBER |
| control field |
24848438 |
| 003 - CONTROL NUMBER IDENTIFIER |
| control field |
TR-AnTOB |
| 005 - DATE AND TIME OF LATEST TRANSACTION |
| control field |
20260219113333.0 |
| 008 - FIXED-LENGTH DATA ELEMENTS--GENERAL INFORMATION |
| fixed length control field |
911023s1992 enka b 001 0 eng d |
| 010 ## - LIBRARY OF CONGRESS CONTROL NUMBER |
| LC control number |
gb 91084984 |
| 015 ## - NATIONAL BIBLIOGRAPHY NUMBER |
| National bibliography number |
GB91-84984 |
| 020 ## - INTERNATIONAL STANDARD BOOK NUMBER |
| International Standard Book Number |
0702014737 |
| 040 ## - CATALOGING SOURCE |
| Original cataloging agency |
UKM |
| Transcribing agency |
UKM |
| Modifying agency |
VET |
| -- |
NOH |
| -- |
OSU |
| -- |
UtOrBLW |
| -- |
TR-AnTOB |
| Language of cataloging |
eng |
| Description conventions |
rda |
| 041 ## - LANGUAGE CODE |
| Language code of text/sound track or separate title |
İngilizce |
| 050 ## - LIBRARY OF CONGRESS CALL NUMBER |
| Classification number |
QP514.2 |
| Item number |
.A66 1992 |
| 090 ## - LOCALLY ASSIGNED LC-TYPE CALL NUMBER (OCLC); LOCAL CALL NUMBER (RLIN) |
| Classification number (OCLC) (R) ; Classification number, CALL (RLIN) (NR) |
QP514.2 |
| Local cutter number (OCLC) ; Book number/undivided call number, CALL (RLIN) |
.A66 1992 |
| 100 1# - MAIN ENTRY--PERSONAL NAME |
| Personal name |
Apps, D. K. |
| Relator term |
author |
| 9 (RLIN) |
152596 |
| 245 10 - TITLE STATEMENT |
| Title |
Biochemistry : |
| Remainder of title |
a concise text for medical students / |
| Statement of responsibility, etc. |
D.K. Apps, B.B. Cohen, and C.M. Steel. |
| 250 ## - EDITION STATEMENT |
| Edition statement |
5th ed. |
| 264 #1 - PRODUCTION, PUBLICATION, DISTRIBUTION, MANUFACTURE, AND COPYRIGHT NOTICE |
| Place of production, publication, distribution, manufacture |
London : |
| Name of producer, publisher, distributor, manufacturer |
Philadelphia : |
| -- |
Ballière Tindall, |
| Date of production, publication, distribution, manufacture, or copyright notice |
1992. |
| 300 ## - PHYSICAL DESCRIPTION |
| Extent |
vii, 448 pages : |
| Other physical details |
ill. (some col.) ; |
| Dimensions |
25 cm |
| 336 ## - CONTENT TYPE |
| Content type term |
text |
| Content type code |
txt |
| Source |
rdacontent |
| 337 ## - MEDIA TYPE |
| Media type term |
unmediated |
| Media type code |
n |
| Source |
rdamedia |
| 338 ## - CARRIER TYPE |
| Carrier type term |
volume |
| Carrier type code |
nc |
| Source |
rdacarrier |
| 504 ## - BIBLIOGRAPHY, ETC. NOTE |
| Bibliography, etc. note |
Includes bibliographical references and index. |
| 505 0# - FORMATTED CONTENTS NOTE |
| Title |
Cell structure -- |
| -- |
Amino acids, peptides and proteins -- |
| -- |
Enzymes -- |
| -- |
Membranes -- |
| -- |
Blood -- |
| -- |
Nutrition. |
| 590 ## - LOCAL NOTE (RLIN) |
| Local note |
donated by Nesrin Uzunoğlu |
| 650 #0 - SUBJECT ADDED ENTRY--TOPICAL TERM |
| Topical term or geographic name entry element |
Biochemistry |
| 9 (RLIN) |
523 |
| 700 1# - ADDED ENTRY--PERSONAL NAME |
| Personal name |
Cohen, Brian, |
| Dates associated with a name |
1942- |
| Relator term |
author |
| 9 (RLIN) |
152597 |
|
| Personal name |
Steel, C. M. |
| Fuller form of name |
(C. Michael) |
| Relator term |
author |
| 9 (RLIN) |
152598 |
| 942 ## - ADDED ENTRY ELEMENTS (KOHA) |
| Source of classification or shelving scheme |
Library of Congress Classification |
| Koha item type |
Book |